KOHA-Header-6

Nise's Control Systems Engineering (Record no. 2567)

000 -LEADER
fixed length control field 00303nam a2200121Ia 4500
008 - FIXED-LENGTH DATA ELEMENTS--GENERAL INFORMATION
fixed length control field 190802s9999 xx 000 0 und d
020 ## - INTERNATIONAL STANDARD BOOK NUMBER
International Standard Book Number 978-81-265-7183-3
100 ## - MAIN ENTRY--PERSONAL NAME
Personal name Norman S. Nise
245 #0 - TITLE STATEMENT
Title Nise's Control Systems Engineering
260 ## - PUBLICATION, DISTRIBUTION, ETC. (IMPRINT)
Place of publication, distribution, etc New Delhi
Name of publisher, distributor, etc Wiley
Date of publication, distribution, etc 2018
300 ## - PHYSICAL DESCRIPTION
Extent 919:p
942 ## - ADDED ENTRY ELEMENTS (KOHA)
Koha item type Books
Holdings
Withdrawn status Lost status Damaged status Not for loan Collection code Permanent Location Current Location Shelving location Date acquired Total Checkouts Total Renewals Full call number Barcode Date last seen Date checked out Price effective from Koha item type
        CSE Computing and Engineering Library Block-D Computing and Engineering Library Block-D Shelf No.A31 2019-08-03 5 1 629.8 9190 2020-10-29 2020-10-15 2019-08-03 Computer System Engineering

Powered by Koha